000 00492nam a22001817a 4500
003 KOHA_MİRAKIL
005 20251209085227.0
008 251209b tu ||||| |||| 00| 0 tur d
020 _a9786256110014
040 _aTR-AnABB
_btur
_cTR-AnABB
041 _atur
082 _a574
_bBIY 2024
245 1 0 _aBiyoçeşitlilik, tarım ve gıda /
260 _aAnkara :
_bTürkiye Bilimler Akademisi,
_c2024
300 _a415 sayfa ;
_c26 cm
650 0 4 _aBiyoçeşitlilik
942 _2ddc
_cBK
999 _c9708
_d9708
900 _bGizem YORULMAZ